000 01081cam a2200301 4500
001 ##J119769
008 #DATE n2002 000 0 eng u
035 _a(Sirsi) u119769
041 0 _aeng
050 0 4 _a333.3307 $2 18
100 1 _aLand, Howard
245 0 4 _aThe assessment of professional competence 2002
_h[sound recording]
260 _aLondon
_bRICS
_c2002
300 _a1 audio CD (ca. 60 min.)
490 0 _aOwlion Audio Programme
520 _aThe fourth Owlion Audio Programme on the APC considering structured training, the management of training, the individual competencies and the process of assessment.
690 _aCAREERS, EDUCATION AND TRAINING-QUALIFICATION ROUTES-ASSESSMENT OF PROFESSIONAL COMPETENCE
700 1 _aBowen, Simon
700 1 _aHolliday, Iain
700 1 _aThompson, Keith
700 1 _aReynolds, Mary Anne
700 1 _aLatham, Caroline
700 1 _aTovey, Robert
700 1 _aVarley, David
710 2 _aCollege of Estate Management
_9400
710 2 _aRoyal Institution of Chartered Surveyors
_94900
942 _n0
999 _c102386
_d102386